| 000 | 00451nam a22001697a 4500 | ||
|---|---|---|---|
| 005 | 20250911123355.0 | ||
| 008 | 220225b ||||| |||| 00| 0 eng d | ||
| 020 | _a978-81-203-5182-0 | ||
| 041 | _aeng | ||
| 082 | _a624.151 32 DEB- F | ||
| 100 |
_aDEB,DEBASIS AND VERMA, ABHIRAM KUMAR _97239 |
||
| 245 | _aFUNDAMENTALS AND APPLICATIONS OF ROCK MECHANICS | ||
| 260 |
_aDELHI _bPHI.PVT.LTD _c2016 |
||
| 300 | _a473;p | ||
| 650 | _aMINING | ||
| 942 | _cBK | ||
| 999 |
_c7984 _d7982 |
||